| 000 | 00560nam a2200181Ia 4500 | ||
|---|---|---|---|
| 005 | 20250326125558.0 | ||
| 008 | 250326s9999 xx 000 0 und d | ||
| 037 | _aTextbook | ||
| 040 |
_aFMSL _beng _cFMSL |
||
| 041 |
_aeng _2eng |
||
| 084 |
_aX:545.44 L8 _qFMSL |
||
| 100 |
_aArora D S _9302466 |
||
| 245 | 0 |
_aExport opportunities and problems of Indian engineering products _cArora D S |
|
| 260 |
_aNew Delhi _bNew Delhi, Indian Institute Of Foreign Trade _c1978 |
||
| 300 | _a48p | ||
| 942 |
_cTB _hX:545.44 L8 |
||
| 999 |
_c1278654 _d1278654 |
||